000 00587nam a2200217Ia 4500
003 OSt
005 20220918205233.0
006 a|||||r|||| 00| 0
007 ta
008 220917b |||||||| |||| 00| 0 eng d
024 _a115,859
037 _cTextual
040 _aARTS
_cARTS
_beng
041 _2eng
_aeng
082 _aV61-3:1r, J4 (906)
245 0 _aAnnaul report on the East Africa High Commission 1954
260 _aGreat
_bBritain Colonial Office
_c1954
650 _aHISTORY
942 _hV61-3:1r, J4 (906)
_cTEXL
_2CC
999 _c239188
_d239188